000 00252nam a2200109Ia 4500
008 230917s9999||||xx |||||||||||||| ||und||
040 _e205119
_aMAIN
041 _aEnglish
082 _a338.4791 E19E
245 0 _aEncyclopedia of tourism
942 _cBK
999 _c143489
_d143489